000 01061nam a2200325 c 4500
999 _c343848
_d343848
003 BLK
005 20230324154628.0
008 180911b bul|||||r ||||||| ||bul||
010 _a003509
040 _aBLK
041 _aDEU
_cBUL
080 _z820-31
100 1 _aScott, Walter
_9387545
245 0 0 _aWaverley oder Es ist sechzig Jahre her
246 _pепос-романи
260 _aLeipzig
_bPhilipp Reclam
_cs.a
300 _a579, 25 с
_c14 см
380 _a82
490 _aЧастна колекция - Академик Михаил Арнаудов
_gДарение - Основен фонд
520 _aМихаил Арнаудов: подпис
520 _aМихаил Арнаудов: негови-книга
520 _aДатиране на книгата : 10. IV. 900
653 _aепос
653 _aромани
655 _aанглийска литература
_9396921
700 1 _a Dt. von M. v. Borch
_9397886
852 _aМА 839
942 _cKNG
_n0
_s1
944 _aCR
_c1996
_kValK
999 _d343848